| 000 | 01781nam a2200409 c 4500 | ||
|---|---|---|---|
| 003 | BLK | ||
| 005 | 20231031143418.0 | ||
| 008 | 180410b bul|||||r ||||||| ||bul|| | ||
| 010 | _aKNG00150806000 | ||
| 040 | _aBLK | ||
| 041 |
_aBUL _cBUL |
||
| 072 | 7 |
_2bullib _aН86 _xДетска отраслова литература Н |
|
| 080 |
_aИгри на маса с фигури и пионки - "Не се сърди човече", домино и др. _b794.3 _x(100) _z794.3(100) |
||
| 700 | 1 |
_aНаваро, Анхелс _eтекст _9328397 |
|
| 700 | 1 |
_aКаросия, Ед _eил. _977229 |
|
| 700 | 1 |
_aМаринов, Бойко Тотев _eпрев. _9313385 |
|
| 139 |
_aНаваро, Анхелс _bН 13 |
||
| 245 | 1 | 0 |
_a[Десет] 10 настолни игри от цял свят _cтекст Анхелс Наваро; ил. Ед Каросия; прев. Бойко Тотев Маринов. |
| 257 | _aSPA | ||
| 260 |
_аСофия _bФют _c2014 |
||
| 300 |
_a12 с. _bс цв. ил. _c28Х28 см |
||
| 380 | _aDN | ||
| 500 | _aОриг. загл. Los 10 mejores juegos de siempre / Angels Navarro, ill. Ed. Carosia. - Кор. загл. - Кн. отпеч. на ламиниран картон. | ||
| 650 | 4 |
_aИгри за развлечение _9245182 |
|
| 650 | 4 |
_aИгри, умствени _9328398 |
|
| 653 | _aигри на маса | ||
| 653 | _aлитература за деца | ||
| 653 | _aдетски игри | ||
| 653 | _aдетска литература | ||
| 659 | _aН | ||
| 852 | _aЦб ІІ 20295 | ||
| 856 | 4 |
_qpdf _u |
|
| 856 | 4 |
_qpdf _u |
|
| 942 |
_cKNG _n0 _01 |
||
| 944 |
_aCR _c11.12.2014 _lБояна Костадинова _k30551 |
||
| 944 |
_aED _c09.01.2015 _lф / _kЛюдмила_Стоянова |
||
| 999 |
_c144646 _d144646 |
||